Vývoj vybraných ekonomických ukazovateľov komerčnej banky diplomová práca

Salvato in:
Dettagli Bibliografici
Autore principale: Štefanovičová, Dominika
Ente Autore: Podnikovohospodárska fakulta EU so sídlom v Košiciach. Katedra ekonómie
Altri autori: Bačová, Monika
Natura: Libro
Lingua:slovacco
Pubblicazione: Košice 2017
Tags: Aggiungi Tag
Nessun Tag, puoi essere il primo ad aggiungerne!!

MARC

LEADER 00000nbm a2200000 4500
001 0231529
005 20240827093333.0
041 0 |a slo 
044 |a SK 
245 1 0 |a Vývoj vybraných ekonomických ukazovateľov komerčnej banky  |b diplomová práca  |c Dominika Štefanovičová ; školiteľ: Monika Bačová 
264 1 |a Košice  |c 2017 
300 |a 96 s. 
100 1 |a Štefanovičová, Dominika 
700 1 |a Bačová, Monika 
710 2 |a Podnikovohospodárska fakulta EU so sídlom v Košiciach. Katedra ekonómie